Word Ladder: From Baroque to Barracuda Quiz Stats

Quiz Updated Jul 7, 2015

Challenge
Share
Tweet
Embed
Score 0/35 Timer 04:00
1 Play Today
Hint 4-Letter Word % Correct
Banana skinPEEL
97.4%
A sneak lookPEEK
96%
Sand hill formed by the windDUNE
95.4%
Large posterior area of the human bodyBACK
95.2%
♫ Great composer of the Baroque period ♫ BACH
95%
♫ Music written for two vocalists or instrumentalists ♫ DUET
94.8%
Prearranged combat between two personsDUEL
94.5%
Anti-vegan foodMEAT
94.3%
Thousands of poundsTONS
93.9%
Carbonated beverageSODA
93.9%
Energy source for enginesFUEL
93.6%
♫ Rhythmic succession of musical tones, a melody ♫ TUNE
93.4%
Annoying, spoiled, or impolite child BRAT
93.3%
Multiple male offspringSONS
93.3%
♫ Sound considered with reference to quality, pitch, etc ♫ TONE
93%
♫ A unit of musical rhythm ♫ BEAT
92.4%
♫ Sensitivity to a style of music ♫ FEEL
92.1%
College organization for men (abbrev.)FRAT
92.1%
Hint 4-Letter Word % Correct
Thaw or liquefy MELT
91.6%
Chimney residueSOOT
91.2%
Replaces a lawnSODS
90.4%
The castle in chessROOK
90.1%
♫ Virtuoso guitarist Jeff ♫ BECK
89.7%
Coin receiver in VegasSLOT
89.6%
Unit of dry volume equivalent to 2 gallonsPECK
88.9%
To crack because of excessively rapid coolingDUNT
87.7%
♫ Contemporary genre of music ♫ ROCK
87.5%
System used for secrecy of communicationCODE
87.4%
To shed feathers, skinMOLT
87.2%
♫ The principal note of a triad ♫ ROOT
85.9%
♫ Closing section of a musical movement ♫ CODA
85.7%
Long thin, narrow strip of wood or metalSLAT
85.1%
♫ Symbol indicating a note to be diminished by 1 semitone ♫ FLAT
84.4%
Double agentMOLE
81.8%
♫ e.g. Ionian, Dorian, or Phrygian ♫ MODE
79.6%

Today's Daily Dose

Word Ladder
Asgardians

On This Day
May 23rd II

You're not logged in!

Compare scores with friends on all Sporcle quizzes.
Join for Free
OR
Log In

You Might Also Like...

Show Comments

Extras

Top Quizzes Today


Score Distribution

Your Account Isn't Verified!

In order to create a playlist on Sporcle, you need to verify the email address you used during registration. Go to your Sporcle Settings to finish the process.

Report this User

Report this user for behavior that violates our Community Guidelines.

Details: